Statistiken für Inselstaaten

Klicken Sie hier um das Quiz zu spielen!

Allgemein

  • Dieses Quiz wurde 908 mal gespielt
  • Das Durchschnittsergebnis liegt bei 41 aus 47

Antwortstatistiken

Inselstaaten% Korrekt
EuropaIsland
96%
EuropaIrland
95%
NordamerikaKuba
95%
EuropaMalta
95%
NordamerikaBahamas
93%
NordamerikaHaiti
93%
AsienIndonesien
93%
AfrikaMadagaskar
93%
NordamerikaDominikanische Republik
92%
AfrikaSeychellen
92%
NordamerikaJamaika
91%
AsienJapan
91%
AfrikaKap Verde
91%
AsienMalediven
91%
AsienSri Lanka
91%
NordamerikaBarbados
90%
AfrikaKomoren
90%
AfrikaMauritius
90%
OzeanienNeuseeland
90%
NordamerikaSt. Kitts und Nevis
90%
NordamerikaSt. Lucia
90%
OzeanienMikronesien
89%
NordamerikaSt. Vincent und die Grenadinen
89%
EuropaVereinigtes Königreich
89%
OzeanienFidschi
88%
NordamerikaTrinidad und Tobago
88%
OzeanienPalau
87%
AfrikaSao Tome und Principe
87%
AsienTaiwan
87%
OzeanienTonga
87%
NordamerikaAntigua und Barbuda
86%
NordamerikaDominica
86%
OzeanienMarshallinseln
86%
AsienZypern
86%
OzeanienSamoa
85%
NordamerikaGrenada
84%
OzeanienTuvalu
84%
OzeanienKiribati
83%
OzeanienNauru
82%
OzeanienVanuatu
82%
OzeanienPapua-Neuguinea
81%
OzeanienSalomonen
81%
AsienOsttimor
79%
AsienBrunei
78%
AsienPhilippinen
78%
AsienSingapur
78%
AsienBahrain
66%

Verteilung der Resultate

Perzentil nach korrekt beantworteten Fragen

Anzahl Personen mit jedem Resultat

Ihre Resultats-Entwicklung

Sie haben dieses Quiz noch nicht gespielt